header

Ubiquitous learning (Record no. 147852)

MARC details
000 -LEADER
fixed length control field 01330nam a2200361Ia 4500
245 00 - TITLE STATEMENT
Title Ubiquitous learning
260 ## - PUBLICATION, DISTRIBUTION, ETC. (IMPRINT)
Place of publication Urbana :
Name of publisher University of Illinois Press,
Year of publication c2009.
300 ## - PHYSICAL DESCRIPTION
Number of Pages xii, 279 p. :
Other physical details ill.
650 #0 - SUBJECT ADDED ENTRY--TOPICAL TERM
Topical Term Distance education
Topical Term Individualized instruction.
Topical Term Blended learning.
700 1# - ADDED ENTRY--PERSONAL NAME
Personal name Cope, Bill.
Personal name Kalantzis, Mary.
856 40 - ELECTRONIC LOCATION AND ACCESS
Uniform Resource Identifier http://site.ebrary.com/lib/rucke/Doc?id=10532383

No items available.

© 2026 Rongo University
Contact us: librarian | system librarian | Rongo university